Umenie dvoriť Humoreska

Bibliographic Details
Main Author: Javorský, Vlado, 1952- (Author)
Format: Article
Language:Slovak
Subjects:

MARC

LEADER 00000nab a2200000 a 4500
001 vtls000311540
003 SK-MaSNL
005 20260302215701.0
008 111201c1978 xo 0 slo
015 |a SNBRB19rr/mm-uuuuu 
035 |a CL0001632 
040 |a SNKBUCL  |b slo  |c SNKBUCL  |e AACR2 
041 0 |a slo 
044 |a xo  |c SK 
080 |a 885.4-7  |2 1981 
100 1 |a Javorský, Vlado,  |d 1952-  |4 aut  |9 191976 
245 1 0 |a Umenie dvoriť  |b Humoreska  |c Vlado Javorský 
650 0 7 |a humoresky  |2 snkbucl  |9 73390 
650 0 7 |a láska  |2 snkbucl  |9 4351 
655 7 |a články z novín a časopisov  |2 snkbucl  |9 267496 
655 7 |a články z odboru literárna veda a krásna literatúra  |2 snkbucl  |9 770045 
773 0 |t Smena na nedeľu  |g Roč. 12/30/, č. 1/5a/ (1978), s. 10 
850 |a Slovenská národná knižnica v Martine  |a MTA001 
852 |a SNK  |b KIS3GCP 
958 |a RK 
958 |a LX 
992 |a RBX 
999 |c 1503521  |d 1505451